| 000 | 00675nam a2200229 i 4500 | ||
|---|---|---|---|
| 001 | 18864 | ||
| 003 | ES-MaACL | ||
| 007 | t| | ||
| 008 | 020325s1993 sp ||||1| spa d | ||
| 020 | _a84-322-4024-9 | ||
| 080 | _a929 Mahmoody, Betty | ||
| 080 | _a308-055.2(55) | ||
| 100 | 1 |
_aMahmoody, Betty. _975542 |
|
| 245 | 1 | 0 |
_aNo sin mi hija / _cBetty Mahmoody y William Hoffer. |
| 250 | _a[15ª ed.]. | ||
| 260 |
_aBarcelona : _bPlaneta : _bSeix Barral, _c1993. |
||
| 300 |
_a319 p. ; _c21 cm. |
||
| 600 | 1 | 4 |
_aMahmoody, Betty. _975542 |
| 650 | 1 | 4 |
_aMujeres- _zIrán- _xSituación social. _915292 |
| 700 | 1 |
_aHoffer, William. _963940 |
|
| 852 |
_aES-MaACL _jG-3792 _bR.130872 |
||
| 999 |
_c18864 _d18864 |
||